00443nam a2200145Ia 4500008004100000245006400041260001700105260000900122300000900131650002300140650001200163856003000175999001900205952007300224170516s9999 xx 000 0 und d aCardiovascular Molecular Imaging as a Tool to Study Biology bTheranostics c2013 a3:11 xMedical Technology xMedtech uhttp://www.thno.org/v3i11 c330069d330069 001040aCLbCLd2017-05-16l0r2017-05-16 00:00:00w2017-05-16yFOJ